000 00414nam a2200145Ia 4500
008 230917s9999||||xx |||||||||||||| ||und||
040 _e186543
_aMAIN
041 _aEnglish
082 _a005.8 A27I
100 _aAlexander, Philip
245 0 _aInformation Security: A manager's guide to thwarting data thieves and hackers
260 _aNew Delhi
_bPentagon Press
_c2008
300 _aviii, 175 p.
942 _cBK
999 _c162047
_d162047